00423nam a2200169Ia 4500003000400000005001700004006001800021007000300039008004100042024001000083037001100093040001800104041001300122245009700135260000900232650001200241OSt20220930072946.0a|||||r|||| 00| 0ta220926b |||||||| |||| 00| 0 eng d a25751 cTheses aCRLcCRLbeng 2engaeng 0aEffect of Tamoxifen, a non steroidal antiestrogen in regulation of fertility in female rats. c1998 aZOOLOGY